Hydroponics of different lettuce varieties on hydroponics growing teachnique at royal university of agriculture ការប្រៀបធៀបពូជសាលាដខុសៗគ្នាបច្ចេកទេស Hydroponics នៅសាកលវិទ្យាល័យភូមិន្ទកសិកម្ម (Record no. 18200)

000 -LEADER
fixed length control field 00721nam a22001337a 4500
040 ## - CATALOGING SOURCE
Transcribing agency RUA
082 ## - DEWEY DECIMAL CLASSIFICATION NUMBER
Classification number AGR VAN 2017 B646 Or.1
100 ## - MAIN ENTRY--AUTHOR NAME
Personal name VANNA PANHARITH​ វណ្ណ បញ្ញរិទ្ធ
245 ## - TITLE STATEMENT
Title Hydroponics of different lettuce varieties on hydroponics growing teachnique at royal university of agriculture ការប្រៀបធៀបពូជសាលាដខុសៗគ្នាបច្ចេកទេស Hydroponics នៅសាកលវិទ្យាល័យភូមិន្ទកសិកម្ម
260 ## - PUBLICATION, DISTRIBUTION, ETC. (IMPRINT)
Place of publication RUA
Name of publisher Phnom penh
Year of publication 2017
300 ## - PHYSICAL DESCRIPTION
Number of Pages vii;25p
Other physical details ill';
Dimensions 29cm
856 ## - ELECTRONIC LOCATION AND ACCESS
Uniform Resource Identifier https://drive.google.com/file/d/1vJ0-PJA5PeUwwg8JsSWZjNPtgwz2fXVc/view?usp=sharing
942 ## - ADDED ENTRY ELEMENTS (KOHA)
Koha item type AGR
952 ## - LOCATION AND ITEM INFORMATION (KOHA)
Withdrawn status [LOCAL, KOHA] 0
952 ## - LOCATION AND ITEM INFORMATION (KOHA)
Withdrawn status [LOCAL, KOHA] 0
952 ## - LOCATION AND ITEM INFORMATION (KOHA)
Withdrawn status [LOCAL, KOHA] 0
952 ## - LOCATION AND ITEM INFORMATION (KOHA)
Withdrawn status [LOCAL, KOHA] 0
952 ## - LOCATION AND ITEM INFORMATION (KOHA)
Withdrawn status [LOCAL, KOHA] 0
952 ## - LOCATION AND ITEM INFORMATION (KOHA)
Withdrawn status [LOCAL, KOHA] 0
Holdings
Permanent Location Date acquired Koha item type Lost status Shelving location Barcode Current Location Full call number
Library Block B2019-08-27AGR B646A43377Library Block BAGR VAN 2017 B646 Or.1
Library Block B2019-08-27AGR B646A43666Library Block BAGR VAN 2017 B646 Or.2
Library Block B2019-08-27AGR B646A43741Library Block BAGR VAN 2017 B646 Or.3
Library Block B2019-08-27AGR B646A43789Library Block BAGR VAN 2017 B646 Or.4
Library Block B2019-08-27AGR B646A43685Library Block BAGR VAN 2017 B646 Or.5
Library Block B2019-08-27AGR B646A43452Library Block BAGR VAN 2017 B646 Or.6
មជ្ឈមណ្ឌលឯការនៃសាកលវិទ្យាល័យភូមិន្ទកសិកម្មចំការដូង

Powered by Koha